Subcategory Multiple Choice: Geography III Quiz Stats

 Plays Quiz Updated Sep 13, 2018

Score 0/19 Timer 04:00
13 Plays Today
Question Answer Wrong Answers
Africa
Which African country once had Idi Amin as its dictator?
Uganda
85.2%
Tanzania
5%
South Africa
2.8%
Ghana
6.5%
United Kingdom
Where are Cardiff, Swansea, and Newport located?
Wales
78.4%
Scotland
3.8%
England
8.1%
Northern Ireland
2.8%
Country
Which of these is not one of the 197 Sporcle-recognized countries?
Scotland
68.6%
Palestine
14%
Taiwan
6.1%
Kosovo
8.3%
World
Which continent does not contain a country with Spanish as an official language?
Asia
68.1%
Europe
1.1%
Africa
19.1%
North America
3.6%
Asia
Which of these Asian countries has the smallest population? (2018 est.)
Bhutan
65.5%
Palestine
24.1%
North Korea
3%
Azerbaijan
6.9%
City
What was Saint Petersburg named from 1924 to 1991?
Leningrad
64.6%
Petrograd
6.7%
Stalingrad
24%
Volgograd
2.5%
State
Which U.S. state does not share a land border with another country?
Pennsylvania
62.9%
Idaho
9.2%
Arizona
7.8%
New Hampshire
14.2%
Population
What is the least densely populated country in the world?
Mongolia
57.8%
Canada
19.4%
Australia
11.7%
Kazakhstan
6.1%
Capital
Which of these capitals belongs to an African nation?
Juba
57.7%
Ulaanbaatar
8.4%
Tarawa
9.4%
Georgetown
22.5%
Continent
What is the smallest continent by area?
Oceania
55.5%
Antarctica
12.1%
Europe
27.7%
South America
2.2%
United States
Which Great Lake has the lowest total volume?
Erie
49.8%
Ontario
14.5%
Huron
20.3%
Michigan
8.1%
Europe
Which country joined the European Union in 2013?
Croatia
48.5%
Slovenia
34.1%
Poland
10.5%
Portugal
3.5%
Oceania
Which of these Oceanian countries has a flag without any stars?
Tonga
45.9%
New Zealand
3.6%
Solomon Islands
22.8%
Samoa
23%
Flags
The flags of Indonesia and Ireland share which color?
White
42.9%
Red
6.5%
Orange
15.1%
Green
31.9%
Border
How many countries border ten or more countries?
4
40.7%
6
14.3%
1
13.7%
2
30.4%
Canada
Which of these cities is not a capital of a Canadian province?
Calgary
35.9%
Edmonton
18.9%
Winnipeg
18.3%
Toronto
25.5%
Topography
Which is the lowest of the Seven Summits?
Puncak Jaya
33.3%
Aconcagua
12.9%
Elbrus
29%
Denali
18.2%
South America
What is the second longest river of South America?
Paraná
27.8%
Orinoco
49.3%
Uruguay
8.1%
São Francisco
9.3%
North America
What is the deepest lake of North America?
Great Slave Lake
16%
Crater Lake
29.8%
Lake Tahoe
11.9%
Lake Superior
38.2%

You're not logged in!

Compare scores with friends on all Sporcle quizzes.
OR
Log In

Sporcle TV

Today on Sporcle TV


Watch our educational content, quiz creation guides, and fun videos on Sporcle TV.

Show Comments

Extras

Top Quizzes Today


Score Distribution

Your Account Isn't Verified!

In order to create a playlist on Sporcle, you need to verify the email address you used during registration. Go to your Sporcle Settings to finish the process.

Report this User

Report this user for behavior that violates our Community Guidelines.

Details: